000 00223nam a2200085 4500
082 _aBRA
100 _aBraxton, Victor
245 _aThe Scaft Guidline 1968 Principles for Urban Planning with respect to Road Safety
942 _cBK
999 _c9218
_d9218